Responses for show #8248 - Wednesday, September 30, 2020

Contestants

[<< previous game]

Kamal Moo, an attorney from Lakewood, California

Katrina Post, a client relationship manager from Santa Monica, California

Mason Maggio, a songwriter from Los Angeles, California (whose 1-day cash winnings total $19,000)

[next game >>]

Jeopardy! Round responses

BRITISH GOVERNMENT
MUSICAL STYLES
HOUSEHOLD NAMES
(Alex: Each correct response will be a common first name.)
YESTERDAY
ALL MY TROUBLES
SEEMED SO FAR AWAY
    $200 8
the constitution

Kamal
    $200 14
ragtime

Katrina
    $200 26
a rod

Kamal
    $200 6
(Kamal: What is the Postal Service?)

the Pony Express

MasonKamal
    $200 15
contact lenses

Katrina
    $200 1
Mount Fuji

Katrina
    $400 9
confidence

Kamal
    $400 22
disco

Mason
    $400 27
bills

Mason
    $400 7
(Katrina: What is, uh, the Dep--Department of Justice?)

Attorney General

KatrinaKamal
    $400 16
the badger

Mason
    $400 2
Portugal

Katrina
    $600 10
[It sounded like Katrina said, "add" for the middle part of her response.]

value added tax

Katrina
    $600 23
grunge

Mason
    $600 28
a lazy susan

Mason
    $1,000 13
(Kamal: Um, what is the vote?)

Inflation

Kamal
    $600 19
(Kamal: What is buyer's remorse?)

a time share

Kamal
Triple Stumper
    $600 3
Lagos

Katrina
    $800 11
the home office

Kamal
    $800 24
Tejano

Triple Stumper
    $800 29
a brad

Kamal
    $800 17
the Hanseatic League

Mason
    $800 20
Iago

Katrina
    $800 4
New South Wales

Mason
    $1000 12
Lord High Chancellor

Triple Stumper
    $1000 25
W.C. Handy

Triple Stumper
    $1000 30
frank

Mason
    $1000 18
Haile Selassie

Mason
    $1000 21
the carburetor

Mason
    $1000 5
Laos

Katrina

Scores at the first commercial break (after clue 15):

Mason Katrina Kamal
$1,000 $2,800 $600

Scores at the end of the Jeopardy! Round:

Mason Katrina Kamal
$7,200 $3,600 $1,000

Double Jeopardy! Round responses

THEATER TIME
3 VOWELS IN A ROW
AMERICANA
LET'S GET MEDICAL
PLAYING THE PART ON TV
FLOWERS ON THE WALL
    $400 12
Oedipus

Kamal
    $400 1
litigious

Mason
    $400 7
an airport

Mason
    $400 23
(Katrina: What is marijuana?)

LSD

MasonKatrina
    $400 18
Matt LeBlanc

Katrina
    $400 3
roses

Mason
    $800 13
2008

Katrina
    $800 2
(Kamal: What's a maison?)

a chateau

KatrinaKamal
    $800 8
(Katrina: What is "I need you"?)

I Want You

KatrinaKamal
    $800 24
gout

Kamal
    $800 19
Mariska Hargitay

Katrina
    $800 14
the Crucifixion

Mason
    $1200 28
Eugene O'Neill

Mason
    $1200 4
paranoia

Kamal
    $1200 9
sourdough

Kamal
    $1200 25
Ritalin

Mason
    $1200 20
Julianne Moore

Katrina
    $3,000 15
Georgia O'Keeffe

Mason
    $1600 29
Oslo

Triple Stumper
    $1600 5
Sioux

Katrina
    $1,000 10
the Slinky

Kamal
    $1600 26
amniocentesis

Katrina
    $1600 21
(Kamal: Who is DeForest Kelley?)

George Takei

Kamal
Triple Stumper
    $1600 16
Manet

Mason
    $2000 30
Doubt

Mason
    $2000 6
requiem

Mason
    $2000 11
Fort Defiance

Kamal
    $2000 27
Bennet Omalu

Triple Stumper
    $2000 22
Regina King

Triple Stumper
    $2000 17
Mondrian

Katrina

Scores at the end of the Double Jeopardy! Round:

Mason Katrina Kamal
$20,600 $11,600 $6,000

[wagering suggestions for these scores]

Final Jeopardy! Round responses

HISTORIC FIGURES
KamalWho was Ernest Hemingway?
$5,900
KatrinaWho is William McKinley?
$4,000
MasonWho is Teddy Roosevelt?
$3,000
Teddy Roosevelt

Final scores:

Mason Katrina Kamal
$23,600 $7,600 $100
2-day champion: $42,600 2nd place: $2,000 3rd place: $1,000

Game dynamics:

Coryat scores:

Mason Katrina Kamal
$18,800 $11,600 $7,600
22 R
(including 1 DD),
0 W
16 R,
3 W
13 R
(including 1 DD),
5 W
(including 1 DD)

Combined Coryat: $38,000

The J! Archive is created by fans, for fans. The Jeopardy! game show and all elements thereof, including but not limited to copyright and trademark thereto, are the property of Jeopardy Productions, Inc. and are protected under law. This website is not affiliated with, sponsored by, or operated by Jeopardy Productions, Inc. Join the discussion at JBoard.tv.